|
|
|
|
| LEADER |
01681nam a2200337 u 4500 |
| 001 |
10027355 |
| 003 |
upatras |
| 005 |
20210117210006.0 |
| 008 |
990818s1991 uk eng |
| 020 |
|
|
|a 0415049326
|
| 040 |
|
|
|a GR-PaULI
|c GR-PaULI
|
| 041 |
0 |
|
|a eng
|
| 082 |
0 |
4 |
|a 792.014
|
| 100 |
1 |
|
|a Aston, Elaine
|4 aut
|9 153157
|
| 245 |
1 |
0 |
|a Theatre as sign-system
|b a semiotics of text and performance
|c Elaine Aston and George Savona
|
| 260 |
|
|
|a London
|a New York
|b Routledge
|c 1991
|
| 300 |
|
|
|a 203 p.
|b fig.
|c 23 cm.
|
| 504 |
|
|
|a Includes bibliographical references and index
|
| 650 |
|
4 |
|a Θέατρο
|x Θεωρία
|9 7896
|
| 650 |
|
4 |
|9 5296
|a Σημειωτική
|
| 650 |
|
4 |
|9 753
|a Θέατρο
|x Σημειωτική
|
| 700 |
1 |
|
|a Savona, George
|4 aut
|9 153158
|
| 852 |
|
|
|a GR-PaULI
|b ΠΑΤΡΑ
|b ΒΚΠ
|b ΒΣ1
|k ΑΣΧΞ
|h 792.014 Α
|m 069965
|p 025000109605
|t 2
|
| 852 |
|
|
|a GR-PaULI
|b ΠΑΤΡΑ
|b ΘΕΑΤΡΟΛΟΓΙΑ
|k ΑΣΧΞ-3
|h 792.014 AST
|m 004571
|p 025000061624
|t 1
|
| 852 |
|
|
|a GR-PaULI
|b ΠΑΤΡΑ
|b ΘΕΑΤΡΟΛΟΓΙΑ
|k ΑΣΧΞ-3
|h 792.014 AST
|m 004401
|p 025000136888
|t 3
|
| 942 |
|
|
|2 ddc
|c BK15
|
| 952 |
|
|
|0 0
|1 0
|4 0
|6 792_014000000000000_Α
|7 0
|9 197872
|a LISP
|b LISP
|c BSC
|d 2016-04-24
|i 069965
|l 1
|o 792.014 Α
|p 025000109605
|r 2016-09-20 00:00:00
|s 2016-09-05
|t 2
|w 2016-04-24
|y BK15
|
| 952 |
|
|
|0 0
|1 0
|4 0
|6 792_014000000000000_AST
|7 0
|9 197873
|a THST
|b THST
|d 2016-04-24
|i 004571
|l 0
|o 792.014 AST
|p 025000061624
|r 2016-04-24 00:00:00
|t 1
|w 2016-04-24
|y BK15
|
| 952 |
|
|
|0 0
|1 0
|4 0
|6 792_014000000000000_AST
|7 0
|9 197874
|a THST
|b THST
|d 2016-04-24
|i 004401
|l 0
|o 792.014 AST
|p 025000136888
|r 2016-04-24 00:00:00
|t 3
|w 2016-04-24
|y BK15
|
| 998 |
|
|
|c ΠΑΝΑΓΟΠΟΥΛΟΥ
|d 1999-08
|
| 999 |
|
|
|c 121542
|d 121542
|